000 00569nam a22001817a 4500
005 20251108172341.0
008 250721s1985 xx 000 0 ara d
082 1 4 _a/سمي
100 1 _aر. سي، سميل
245 1 0 _aفن الحرب عند الصليبين في القرن الثاني عش1097- 1193 /
264 1 _aدمشق :
_bدار طلاس،
_c1985.
300 _a483صص ؛مص
650 1 7 _aالعلوم العسكرية
650 1 7 _aالتاريخ
700 1 _aالجلاد، محمد وليد
_eترجمة
942 _2ddc
_cBK
999 _c76935
_d76935